000 00728cam a2200217 4500
008 090401t1994 xxu||||| |||| 00| 0 eng d
020 _a0412554909
035 _a(Sirsi) u64524
041 _aeng
050 _a658.404
100 _aWebb, Alan
245 _aManaging innovative projects.
260 _aLondon
_bChapman and Hall
_c1994
300 _axii,379p. ; 25cm.
350 _a39.5
520 _aA guide to the tools and techniques of project management for managers and professionals. Includes worked examples from a wide range of industries and a chapter on software for project managers.
650 _aMANAGEMENT-PROJECT MANAGEMENT
690 _aProject management
_96261
942 _n0
948 _c04/03/1997
999 _c94684
_d94684